Departamentos de Río Negro - Estadísticas

Estadísticas generales
  • Esta prueba ha sido intentada 31 veces
  • La puntuación promedio es 7 de 13
Estadísticas de respuestas
Hint Respuesta % Correcto
6. General Roca
100%
3. Bariloche
93%
12. Valcheta
60%
4. El Cuy
53%
7. Nueve de Julio
53%
13. Veinticinco de Mayo
53%
1. Adolfo Alsina
47%
5. General Conesa
47%
11. San Antonio
47%
8. Ñorquinco
40%
9. Pichi Mahuida
40%
2. Avellaneda
33%
10. Pilcaniyeu
27%
No se encontraron pruebas coincidentes
Distribución de puntuación
Porcentaje de gente con cada puntuación
Porcentaje por número respondido
Historial de tus puntuaciones
No has intentado esta prueba.